[Event "C.to Provinciale BG"]
[Site "Bergamo ITA"]
[Date "2006.11.24"]
[Round "8"]
[White "Longo, Pietro"]
[Black "Valsecchi, Alessio"]
[Result "0-1"]
[WhiteElo "1772"]
[BlackElo "2030"]
[PlyCount "102"]
[EventDate "2006.10.06"]

1. d4 Nf6 2. c4 g6 3. Nc3 d5 4. cxd5 Nxd5 5. e4 Nxc3 6. bxc3 c5 7. Be3 Bg7 8.
Bc4 O-O 9. Ne2 Nc6 10. Rc1 cxd4 11. cxd4 Qa5+ 12. Kf1 Rd8 13. h4 e6 14. h5 b5
15. Bb3 Bb7 16. hxg6 hxg6 17. f3 Qb6 18. Qe1 Nxd4 19. Nxd4 Rxd4 20. Qh4 b4 21.
g4 a5 22. Kg2 a4 23. Bc2 b3 24. axb3 axb3 25. Bxd4 Bxd4 26. Bb1 Qb5 27. Qh7+
Kf8 28. Qh6+ Ke8 29. Qd2 Rd8 30. Qd3 Qb6 31. Qc4 Rc8 32. Qa4+ Bc6 33. Rxc6 Rxc6
34. Rc1 Bc5 35. e5 Ke7 36. Qf4 Rc7 37. Qf6+ Ke8 38. Rd1 Be7 39. Qh8+ Bf8 40.
Rd8+ Kxd8 41. Qxf8+ Kd7 42. Qxf7+ Kc6 43. Qxe6+ Kc5 44. Qxb6+ Kxb6 45. Bxg6 Kc5
46. f4 Kd4 47. Kf2 Rc2+ 48. Ke1 Ke3 49. Kd1 Rc6 50. Bf5 b2 51. Bc2 Kxf4 0-1

[Event "C.to Provinciale BG"]
[Site "Bergamo ITA"]
[Date "2006.11.24"]
[Round "8"]
[White "Luizaga, Lucas"]
[Black "Giuliani, Andrea"]
[Result "1/2-1/2"]
[WhiteElo "1428"]
[BlackElo "1580"]
[PlyCount "55"]
[EventDate "2006.10.06"]

1. e4 e6 2. d4 d5 3. e5 c5 4. c3 Nc6 5. Nf3 Bd7 6. Be2 cxd4 7. cxd4 Nge7 8. Nc3
Ng6 9. O-O Be7 10. a3 a6 11. Bd2 O-O 12. Rb1 b5 13. b4 Rc8 14. Re1 Qb6 15. Be3
Rc7 16. Rc1 Rfc8 17. Qd3 Na7 18. Bd2 Nc6 19. Be3 Bf8 20. Red1 Nge7 21. g4 g6
22. h3 Bg7 23. Kh1 Na7 24. Bg5 Kf8 25. Be3 a5 26. Na2 axb4 27. axb4 Rxc1 28.
Rxc1 1/2-1/2

[Event "C.to Provinciale BG"]
[Site "Bergamo ITA"]
[Date "2006.11.24"]
[Round "8"]
[White "Maggioni, Oliviero"]
[Black "Mangili, Riccardo"]
[Result "0-1"]
[WhiteElo "1550"]
[BlackElo "1668"]
[PlyCount "56"]
[EventDate "2006.10.06"]

1. e4 e5 2. Nf3 Nc6 3. c3 Nf6 4. d3 d5 5. exd5 Qxd5 6. Bg5 e4 7. Bxf6 exf3 8.
Bd4 Nxd4 9. cxd4 fxg2 10. Qe2+ Be6 11. Bxg2 Qxg2 12. Rf1 Bb4+ 13. Nc3 O-O 14.
O-O-O Bxc3 15. bxc3 Bg4 16. Qe4 Qxe4 17. dxe4 Bxd1 18. Kxd1 Rad8 19. f4 f6 20.
Kc2 c6 21. Kd3 f5 22. e5 Rd5 23. c4 Ra5 24. Rf2 Ra3+ 25. Ke2 Rxa2+ 26. Kf3
Rxf2+ 27. Kxf2 Kf7 28. Ke3 Ke6 0-1

[Event "C.to Provinciale BG"]
[Site "Bergamo ITA"]
[Date "2006.11.24"]
[Round "8"]
[White "Merletti, Vincenzo"]
[Black "Basletta, Giovanni"]
[Result "1/2-1/2"]
[WhiteElo "1545"]
[BlackElo "1377"]
[PlyCount "104"]
[EventDate "2006.10.06"]

1. d4 e6 2. c4 d5 3. Nc3 c6 4. Nf3 f5 5. e3 Nf6 6. cxd5 exd5 7. Bd3 Be7 8. O-O
O-O 9. Nd2 Ne4 10. f3 Nxd2 11. Bxd2 Be6 12. e4 Bg5 13. Bxg5 Qxg5 14. f4 Qd8 15.
Qb3 Qb6 16. Qxb6 axb6 17. exd5 cxd5 18. Rfe1 Rf6 19. Nb5 Na6 20. a3 Bd7 21.
Rac1 Rf7 22. Nd6 Rf6 23. Nxb7 Bc6 24. Re7 Nb8 25. Nd8 Ra4 26. Nxc6 Nxc6 27.
Re8+ Kf7 28. Rc8 Ne7 29. R8c7 Rxd4 30. Bxf5 Rxf5 31. Re1 Re4 32. Rxe4 dxe4 33.
g3 Kf6 34. Kf2 Nd5 35. Rc6+ Kf7 36. a4 g5 37. Rc4 Nf6 38. Rc7+ Ke8 39. Rb7 Nd5
40. Rxh7 gxf4 41. Rh8+ Kd7 42. Rh7+ Kc8 43. Rh4 e3+ 44. Kf3 fxg3+ 45. Kxg3 e2
46. Re4 Rg5+ 47. Kf3 Nf6 48. Rxe2 Rf5+ 49. Kg2 Nd5 50. Kg3 Rg5+ 51. Kh4 Rf5 52.
Kg3 Rf4 1/2-1/2

[Event "C.to Provinciale BG"]
[Site "Bergamo ITA"]
[Date "2006.11.24"]
[Round "8"]
[White "Molteni, Costantino"]
[Black "Testa, Luigi"]
[Result "1-0"]
[WhiteElo "1950"]
[BlackElo "1572"]
[PlyCount "141"]
[EventDate "2006.10.06"]

1. d4 d5 2. c4 e6 3. Nf3 Nf6 4. g3 c6 5. Bg2 Be7 6. O-O O-O 7. Nc3 Nbd7 8. b3
Re8 9. Bb2 Rb8 10. Qd3 b6 11. e4 dxe4 12. Nxe4 Nxe4 13. Qxe4 Bb7 14. Qc2 Nf6
15. Ne5 Qc7 16. Rfd1 Ba8 17. Nd3 Rbc8 18. b4 Nd7 19. Bc3 Bf6 20. f4 c5 21. dxc5
Bxc3 22. Qxc3 bxc5 23. b5 Bxg2 24. Kxg2 Qb7+ 25. Kg1 Nb6 26. Ne5 Rc7 27. Nc6 h6
28. a4 Nc8 29. Rd2 Ne7 30. Na5 Qa8 31. Rad1 Nf5 32. Qe5 Qc8 33. Nb3 f6 34. Qe4
Kf8 35. g4 Ne7 36. Rd6 Kf7 37. Qd3 Qb8 38. Qe3 Qc8 39. h4 Ng6 40. h5 Nf8 41. a5
e5 42. f5 Ke7 43. a6 Nh7 44. Na5 Ng5 45. Nc6+ Kf8 46. Qxc5 Ne4 47. Rxf6+ Kg8
48. Qd5+ Kh7 49. Rxh6+ Kxh6 50. Qxe4 Rd7 51. Rxd7 Qxd7 52. Qe3+ Kh7 53. Nxa7
Qd1+ 54. Kf2 Qc2+ 55. Qe2 Qc3 56. Nc6 e4 57. a7 Qh3 58. Ke1 Qg3+ 59. Kd1 Qb3+
60. Kd2 e3+ 61. Ke1 Qc3+ 62. Kf1 Qc1+ 63. Kg2 Qd2 64. Kf3 Qd5+ 65. Kg3 Qd6+ 66.
Kg2 Qd5+ 67. Kg1 Qd2 68. Kf1 Qc1+ 69. Kg2 Qd2 70. Kf3 Qd5+ 71. cxd5 1-0

[Event "C.to Provinciale BG"]
[Site "Bergamo ITA"]
[Date "2006.11.24"]
[Round "8"]
[White "Mora, Lorenzo"]
[Black "Oteri, Aldo"]
[Result "0-1"]
[WhiteElo "1837"]
[BlackElo "1954"]
[PlyCount "98"]
[EventDate "2006.10.06"]

1. e4 e6 2. d3 d5 3. Nd2 c5 4. Ngf3 Nc6 5. g3 Bd6 6. Bg2 Nge7 7. O-O O-O 8. Qe2
Qc7 9. Re1 Ng6 10. h4 Re8 11. h5 Nge5 12. Nxe5 Nxe5 13. f4 Nc6 14. e5 Bf8 15.
Nf3 Bd7 16. g4 Rac8 17. Be3 b5 18. Bf2 Be7 19. Bg3 c4 20. d4 Qb6 21. c3 b4 22.
Nh2 Rb8 23. Rab1 Qa5 24. Rf1 Qxa2 25. Ra1 Qb3 26. Be1 bxc3 27. bxc3 Ba3 28. f5
Bb2 29. Rb1 Qa2 30. Rd1 Qa3 31. f6 Bxc3 32. Qf2 Bxe1 33. Qxe1 Rb2 34. fxg7 Qa2
35. Qg3 Reb8 36. g5 R8b3 37. g6 hxg6 38. hxg6 Be8 39. gxf7+ Bxf7 40. Nf3 Rd2
41. Qh3 Rxg2+ 42. Qxg2 Qxg2+ 43. Kxg2 c3 44. Ng5 Nd8 45. Rc1 Kxg7 46. Nxf7 Nxf7
47. Rf3 Rb2+ 48. Rf2 Ng5 49. Rxc3 Rxf2+ 0-1

[Event "C.to Provinciale BG"]
[Site "Bergamo ITA"]
[Date "2006.11.24"]
[Round "8"]
[White "Mora, Paolo"]
[Black "Gerali, Paolo"]
[Result "1-0"]
[WhiteElo "2260"]
[BlackElo "1959"]
[PlyCount "55"]
[EventDate "2006.10.06"]

1. e4 c5 2. Nf3 e6 3. c3 d5 4. e5 Nc6 5. d4 Nge7 6. Bd3 cxd4 7. cxd4 Nf5 8.
Bxf5 exf5 9. a3 Be7 10. h4 Qb6 11. Nc3 Be6 12. O-O O-O 13. b4 Rac8 14. Qd3 a6
15. Bg5 Qc7 16. Na4 h6 17. Bxe7 Nxe7 18. Nc5 Nc6 19. Rac1 Qb6 20. Rc3 Rc7 21.
Rb1 Qa7 22. a4 Rfc8 23. b5 axb5 24. axb5 b6 25. Nxe6 Nxe5 26. Rxc7 Qxc7 27.
Nxc7 Nxd3 28. Nxd5 1-0

[Event "C.to Provinciale BG"]
[Site "Bergamo ITA"]
[Date "2006.11.24"]
[Round "8"]
[White "Nasoni, Paolo"]
[Black "Asperti, Fabio"]
[Result "1-0"]
[WhiteElo "1901"]
[BlackElo "1637"]
[PlyCount "45"]
[EventDate "2006.10.06"]

1. e4 d6 2. d4 g6 3. Nc3 Bg7 4. Be3 Nf6 5. h3 O-O 6. f4 c6 7. Nf3 b5 8. e5 Nh5
9. Kf2 Bh6 10. Ne2 f6 11. g4 Nxf4 12. Bxf4 Bxf4 13. Nxf4 fxe5 14. Nxg6 hxg6 15.
Qd3 exd4 16. Qxg6+ Kh8 17. Bd3 Rxf3+ 18. Kxf3 Qf8+ 19. Kg3 Qg7 20. Qe8+ Qg8 21.
Qh5+ Kg7 22. Qg6+ Kh8 23. Qh6+ 1-0

[Event "C.to Provinciale BG"]
[Site "Bergamo ITA"]
[Date "2006.11.24"]
[Round "8"]
[White "Ranfagni, Stefano"]
[Black "Mazzotti, Federico"]
[Result "1-0"]
[WhiteElo "2037"]
[BlackElo "1786"]
[PlyCount "81"]
[EventDate "2006.10.06"]

1. e4 c5 2. Nc3 Nc6 3. g3 g6 4. Bg2 Bg7 5. Nge2 e6 6. O-O Nge7 7. d3 Nd4 8. Be3
O-O 9. Qd2 Nec6 10. Nd1 Nxe2+ 11. Qxe2 b6 12. c3 Ba6 13. f4 Rc8 14. Nf2 d5 15.
exd5 exd5 16. Bd2 d4 17. c4 f5 18. Qe6+ Kh8 19. Bxc6 Rf6 20. Qd5 Rd6 21. Bb7
Rxd5 22. Bxa6 Rc7 23. cxd5 Qxd5 24. Bc4 Qb7 25. Rfe1 h5 26. a4 a6 27. Re8+ Kh7
28. Ne4 fxe4 29. Bg8+ Kh6 30. dxe4 Bf6 31. h4 Kg7 32. Bd5 Qa7 33. Rg8+ Kh7 34.
Ra8 Qxa8 35. Bxa8 c4 36. e5 c3 37. bxc3 dxc3 38. Rc1 Rc8 39. Rxc3 Rxa8 40. exf6
b5 41. Rc7+ 1-0

[Event "C.to Provinciale BG"]
[Site "Bergamo ITA"]
[Date "2006.11.24"]
[Round "8"]
[White "Salvetti, Carlo"]
[Black "Guerini, Sara"]
[Result "1-0"]
[WhiteElo "1377"]
[BlackElo "1380"]
[PlyCount "107"]
[EventDate "2006.10.06"]

1. e4 e5 2. Nf3 Nc6 3. Bc4 Bc5 4. O-O Nf6 5. Bd5 Nxd5 6. exd5 Nb4 7. d4 e4 8.
dxc5 exf3 9. Qe1+ Qe7 10. d6 cxd6 11. cxd6 Nc6 12. dxe7 Nxe7 13. Qe4 fxg2 14.
Re1 O-O 15. Qxe7 d5 16. Kxg2 Bf5 17. Qxb7 Be4+ 18. Kg1 Rfe8 19. Qc6 Rac8 20.
Qd7 a6 21. f3 Ra8 22. fxe4 dxe4 23. Qg4 Re6 24. Rxe4 Rg6 25. Kh1 Rxg4 26. Rxg4
Rc8 27. c3 Re8 28. Rg1 h6 29. Nd2 g5 30. Nf3 f6 31. Re1 Rd8 32. Nd4 Kf7 33. Bd2
h5 34. Rad1 g4 35. Rf1 a5 36. Nc6 Rd5 37. c4 Rc5 38. Nxa5 h4 39. b4 Rc8 40. Rf5
Kg6 41. Rdf1 Rf8 42. c5 g3 43. hxg3 hxg3 44. Kg2 Rf7 45. Kxg3 Kg7 46. Nc6 Rf8
47. Bc3 Kg6 48. Ne7+ Kg7 49. Bxf6+ Kf7 50. Bg5+ Ke8 51. Rxf8+ Kd7 52. Rd1+ Ke6
53. c6 Ke5 54. c7 1-0

[Event "C.to Provinciale BG"]
[Site "Bergamo ITA"]
[Date "2006.11.24"]
[Round "8"]
[White "Tentori, Giulio"]
[Black "Bosio, Giovanni"]
[Result "1-0"]
[WhiteElo "1814"]
[BlackElo "1643"]
[PlyCount "57"]
[EventDate "2006.10.06"]

1. e4 c5 2. Nf3 Nc6 3. d4 cxd4 4. Nxd4 a6 5. Be3 e6 6. Nc3 b5 7. Nxc6 dxc6 8.
Qxd8+ Kxd8 9. Bb6+ Ke8 10. O-O-O Bb7 11. Be2 Be7 12. e5 f6 13. Ne4 fxe5 14.
Nd6+ Bxd6 15. Rxd6 Ke7 16. Bc5 Kf6 17. Rhd1 Nh6 18. Bb6 c5 19. g4 c4 20. h4 Nf7
21. g5+ Kf5 22. Rd7 Bd5 23. Rxf7+ Kg6 24. Rd7 Rhf8 25. h5+ Kxg5 26. Rg1+ Kf6
27. Rgxg7 Be4 28. Be3 Rad8 29. Bg5+ 1-0

[Event "XVIII Festival B"]
[Site "Porto San Giorgio ITA"]
[Date "2006.08.22"]
[Round "2"]
[White "Crucioli, Marco"]
[Black "Piantoni, Pierino"]
[Result "1-0"]
[WhiteElo "1757"]
[BlackElo "1983"]
[PlyCount "55"]
[EventDate "2006.08.21"]

1. e4 e6 2. d3 d5 3. Nd2 c5 4. Ne2 g6 5. Ng3 Bg7 6. Be2 Nc6 7. c3 h5 8. O-O h4
9. Nh1 Nf6 10. f4 b6 11. Nf2 e5 12. fxe5 Nxe5 13. d4 Nc6 14. Bb5 Bb7 15. e5 Nh5
16. Nf3 a6 17. Bg5 Qd7 18. Ba4 b5 19. Bc2 Bf8 20. e6 Qd6 21. exf7+ Kxf7 22.
Ne5+ Kg7 23. Nfg4 Nd8 24. Qf3 Be7 25. Bxe7 Qxe7 26. Nxg6 Qg5 27. Nxh8 Kxh8 28.
Qf8+ 1-0

[Event "XVIII Festival B"]
[Site "Porto San Giorgio ITA"]
[Date "2006.08.22"]
[Round "2"]
[White "Della Rocca, Giorgio"]
[Black "Stoyko, Maksym"]
[Result "0-1"]
[WhiteElo "1750"]
[BlackElo "1978"]
[PlyCount "70"]
[EventDate "2006.08.21"]

1. d4 f5 2. Bf4 Nf6 3. h3 e6 4. Nf3 b6 5. e3 Bb7 6. Bd3 Be7 7. O-O O-O 8. Nbd2
c5 9. c3 Nc6 10. Re1 d5 11. Ng5 Qd7 12. Nf1 h6 13. Nf3 c4 14. Bc2 b5 15. Ng3 g5
16. Be5 Qe8 17. Bxf6 Bxf6 18. Nh2 Bc8 19. f3 Qf7 20. Rf1 f4 21. exf4 gxf4 22.
Ne2 Bg5 23. Qe1 Kh8 24. h4 Be7 25. a4 b4 26. Ng4 h5 27. Ne5 Nxe5 28. dxe5 b3
29. Bb1 Qg7 30. Qf2 Qxe5 31. Nd4 Bc5 32. Re1 Qf6 33. Kh1 e5 34. Qd2 exd4 35.
cxd4 Bxd4 0-1

[Event "XVIII Festival B"]
[Site "Porto San Giorgio ITA"]
[Date "2006.08.22"]
[Round "2"]
[White "Ognibene, Piero"]
[Black "Grasso, Nino"]
[Result "1-0"]
[WhiteElo "1745"]
[BlackElo "1972"]
[PlyCount "69"]
[EventDate "2006.08.21"]

1. d4 Nf6 2. c4 c5 3. Nf3 cxd4 4. Nxd4 e5 5. Nb5 d5 6. cxd5 Qa5+ 7. N5c3 Bb4 8.
Bd2 Bf5 9. f3 e4 10. Qb3 Na6 11. a3 Rc8 12. Ra2 Bd6 13. Nxe4 Nxe4 14. fxe4 Nc5
15. Qe3 Qb6 16. exf5+ Kd7 17. b4 Rhe8 18. Qf3 a5 19. Rc2 axb4 20. Bxb4 Ne4 21.
Rxc8 Bxb4+ 22. axb4 Qxb4+ 23. Nc3 Rxc8 24. Qxe4 Qxc3+ 25. Kf2 Rc4 26. Qe3 Qf6
27. Qf3 Qe5 28. g3 Qd4+ 29. Qe3 Qxd5 30. Bg2 Qxf5+ 31. Bf3 Rc6 32. Rd1+ Kc7 33.
Qe7+ Kb8 34. Kg2 Rc7 35. Rd8+ 1-0

[Event "XVIII Festival B"]
[Site "Porto San Giorgio ITA"]
[Date "2006.08.23"]
[Round "3"]
[White "Marino, Marco"]
[Black "Di Blasio, Walter"]
[Result "1-0"]
[WhiteElo "1869"]
[BlackElo "1664"]
[PlyCount "55"]
[EventDate "2006.08.21"]

1. e4 c6 2. d4 d5 3. exd5 cxd5 4. c4 Nf6 5. Nc3 e6 6. Nf3 Bb4 7. a3 Be7 8. cxd5
exd5 9. Ne5 a6 10. Bd3 Nbd7 11. O-O O-O 12. Re1 Qc7 13. Bg5 Nb6 14. Rc1 Qd8 15.
Qf3 Be6 16. Bb1 Rc8 17. Ba2 Rc7 18. h4 Nc4 19. Bxc4 dxc4 20. Rcd1 Nd5 21. Bxe7
Rxe7 22. Nxc4 Nxc3 23. Qxc3 Rc7 24. d5 Qxh4 25. Rd4 Bg4 26. Qb4 Rfc8 27. d6 Rc5
28. Qxc5 1-0

[Event "XVIII Festival B"]
[Site "Porto San Giorgio ITA"]
[Date "2006.08.23"]
[Round "3"]
[White "Stoyko, Maksym"]
[Black "Crucioli, Marco"]
[Result "1-0"]
[WhiteElo "1978"]
[BlackElo "1757"]
[PlyCount "61"]
[EventDate "2006.08.21"]

1. d4 d6 2. e4 Nd7 3. c4 e5 4. Nf3 Ne7 5. Nc3 Ng6 6. Be2 Be7 7. O-O c6 8. Be3
O-O 9. Qc2 Nf6 10. Rfd1 Qc7 11. h3 Kh8 12. d5 c5 13. a3 Nh5 14. b4 b6 15. Nb5
Qd8 16. bxc5 bxc5 17. Nxe5 Nxe5 18. Bxh5 a6 19. f4 axb5 20. fxe5 Bg5 21. Bf2 f5
22. e6 fxe4 23. Qxe4 Rf4 24. Qb1 g6 25. Bf3 bxc4 26. Bg3 Rf8 27. Qe4 Bf6 28.
Ra2 c3 29. Be1 Be5 30. Bxc3 Rf4 31. Bxe5+ 1-0

[Event "XVIII Festival B"]
[Site "Porto San Giorgio ITA"]
[Date "2006.08.23"]
[Round "3"]
[White "Voicu, Joan Paul"]
[Black "Ognibene, Piero"]
[Result "1-0"]
[WhiteElo "1876"]
[BlackElo "1745"]
[PlyCount "97"]
[EventDate "2006.08.21"]

1. e4 e5 2. Nf3 Nc6 3. Bb5 a6 4. Ba4 Nf6 5. O-O d6 6. Bxc6+ bxc6 7. d4 exd4 8.
Qxd4 Be7 9. Nc3 c5 10. Qd3 O-O 11. b3 Bb7 12. Bb2 Nd7 13. Rad1 Bf6 14. Rfe1 Re8
15. h3 Ne5 16. Qe3 Ng6 17. Qd2 Bxe4 18. Nxe4 Bxb2 19. c3 Ba3 20. Qc2 Qc8 21.
Ned2 c4 22. b4 a5 23. Nxc4 axb4 24. Qb3 Rxe1+ 25. Nxe1 Qa6 26. cxb4 Qa4 27. Nc2
Bxb4 28. Nxb4 Qxb3 29. axb3 Rb8 30. Nd5 Rxb3 31. Re1 Kf8 32. Nxc7 Ne7 33. Nxd6
g6 34. Kh2 h5 35. Re4 Rb6 36. Ncb5 Nf5 37. Nxf5 Rxb5 38. Nd4 Rb7 39. Kg3 Kg7
40. Kf4 Rd7 41. Ke3 Ra7 42. h4 Rc7 43. Kd3 Ra7 44. Rf4 Rb7 45. Nc6 Kf8 46. Rb4
Rxb4 47. Nxb4 Kg7 48. Nd5 Kh6 49. f4 1-0

[Event "XVIII Festival B"]
[Site "Porto San Giorgio ITA"]
[Date "2006.08.25"]
[Round "5"]
[White "Marino, Marco"]
[Black "Parrini, Daniele"]
[Result "1/2-1/2"]
[WhiteElo "1869"]
[BlackElo "1933"]
[PlyCount "72"]
[EventDate "2006.08.21"]

1. e4 c5 2. Nf3 g6 3. d4 cxd4 4. Nxd4 Nc6 5. Nxc6 bxc6 6. Qd4 Nf6 7. e5 Nd5 8.
e6 Nf6 9. exd7+ Bxd7 10. Bc4 Bg7 11. Be3 O-O 12. Qd2 Ne4 13. Qc1 Qa5+ 14. c3
Nd6 15. Bb3 Rab8 16. Nd2 Nf5 17. Nc4 Qb5 18. Bf4 e5 19. Bg5 h6 20. Bd2 Kh7 21.
O-O a5 22. Rb1 Qa6 23. Na3 Nd6 24. Bc2 Be6 25. b3 Qe2 26. Qd1 Qa6 27. Bxh6 Bxh6
28. Qxd6 Bg7 29. Rfd1 Rfd8 30. Qe7 Re8 31. Qh4+ Kg8 32. Qg5 a4 33. Bd3 Qc8 34.
Nc4 Qc7 35. Nd2 axb3 36. axb3 Bxb3 1/2-1/2

[Event "XVIII Festival B"]
[Site "Porto San Giorgio ITA"]
[Date "2006.08.25"]
[Round "5"]
[White "Stoyko, Maksym"]
[Black "Tortolini, Francesco"]
[Result "1-0"]
[WhiteElo "1978"]
[BlackElo "1830"]
[PlyCount "79"]
[EventDate "2006.08.21"]

1. d4 e6 2. c4 Nf6 3. Nf3 b6 4. g3 Bb7 5. Bg2 c5 6. d5 exd5 7. Nh4 g6 8. cxd5
d6 9. Nc3 Bg7 10. O-O O-O 11. Bf4 Nh5 12. Be3 Na6 13. Qc1 Nc7 14. Bh6 b5 15.
Bxg7 Kxg7 16. e4 Re8 17. Re1 b4 18. Ne2 Ba6 19. Nf4 Nxf4 20. Qxf4 Qf6 21. Qd2
Nb5 22. Nf3 Bc8 23. Qe2 Bg4 24. Qxb5 Bxf3 25. Bxf3 Qxf3 26. Qc4 Re7 27. e5 Rae8
28. Re3 Qf5 29. exd6 Rxe3 30. fxe3 Rxe3 31. Qxc5 Re2 32. Qd4+ f6 33. Rf1 Qh3
34. Qxf6+ Kh6 35. Qf8+ Kg5 36. Qf4+ Kh5 37. Qf3+ Qg4 38. Qxg4+ Kxg4 39. d7 Kh3
40. Rf4 1-0

[Event "XVIII Festival B"]
[Site "Porto San Giorgio ITA"]
[Date "2006.08.26"]
[Round "6"]
[White "Piccirillo, Edoardo"]
[Black "Zoppi, Piero"]
[Result "1-0"]
[WhiteElo "1788"]
[BlackElo "1649"]
[PlyCount "75"]
[EventDate "2006.08.21"]

1. d4 d5 2. c4 Nf6 3. cxd5 Nxd5 4. Nf3 Bg4 5. e4 Bxf3 6. gxf3 Nb6 7. Nc3 e6 8.
Be3 c6 9. Bd3 N8d7 10. Qb3 Be7 11. Rg1 g6 12. f4 a5 13. a4 Qc7 14. Rc1 Qd6 15.
Na2 Bd8 16. Qc2 Rc8 17. e5 Qe7 18. Nc3 Nd5 19. Nxd5 exd5 20. f5 Qb4+ 21. Kf1 c5
22. fxg6 hxg6 23. Bxg6 Qc4+ 24. Qxc4 dxc4 25. Bf5 cxd4 26. Bxd4 Rc6 27. Bxd7+
Kxd7 28. e6+ Kxe6 29. Bxh8 f6 30. Bg7 Bb6 31. Rg4 Kf7 32. Bh6 f5 33. Rg7+ Kf6
34. Rxb7 Ke5 35. Be3 Bc7 36. Rb5+ Ke4 37. Ke2 f4 38. f3# 1-0

[Event "XVIII Festival B"]
[Site "Porto San Giorgio ITA"]
[Date "2006.08.26"]
[Round "6"]
[White "Tomio, Dante"]
[Black "Tortolini, Francesco"]
[Result "1-0"]
[WhiteElo "1969"]
[BlackElo "1830"]
[PlyCount "95"]
[EventDate "2006.08.21"]

1. d4 e6 2. Nf3 Nf6 3. Bg5 Be7 4. Nbd2 b6 5. e3 Bb7 6. Bd3 c5 7. c3 Nc6 8. Qe2
Rc8 9. Rd1 cxd4 10. exd4 Nd5 11. Ne4 Qc7 12. Bxe7 Ncxe7 13. g3 O-O 14. O-O f5
15. Ned2 Ng6 16. Rfe1 Rce8 17. Ne5 Nxe5 18. dxe5 Qc6 19. f3 g5 20. a3 g4 21.
Qf2 gxf3 22. Nxf3 Nxc3 23. Rc1 Nd1 24. Rexd1 Qxf3 25. Qxf3 Bxf3 26. Rf1 Bc6 27.
b4 Rc8 28. Ba6 Rb8 29. b5 Bd5 30. Rc7 Ra8 31. Rxd7 Rfd8 32. Rc7 Be4 33. Rfc1
Rd3 34. Re7 Rad8 35. Rxe6 Rd2 36. Rc8 Rd1+ 37. Kf2 R1d2+ 38. Ke3 Rxc8 39. Bxc8
Rd3+ 40. Kf4 Rxa3 41. Rd6 Rd3 42. Bxf5 Bxf5 43. Kxf5 Rf3+ 44. Ke6 Ra3 45. Ke7
Ra5 46. Kf6 h5 47. Rd8+ Kh7 48. e6 1-0

[Event "XVIII Festival B"]
[Site "Porto San Giorgio ITA"]
[Date "2006.08.27"]
[Round "7"]
[White "Cavatassi, Alessio"]
[Black "Bettini, Alessandro"]
[Result "1-0"]
[WhiteElo "1853"]
[BlackElo "1739"]
[PlyCount "103"]
[EventDate "2006.08.21"]

1. d4 d6 2. c4 e5 3. d5 f5 4. e4 Nf6 5. Nc3 fxe4 6. Bg5 Bf5 7. Nge2 Be7 8. Ng3
Bg6 9. Bxf6 Bxf6 10. Ngxe4 O-O 11. Bd3 Nd7 12. Qc2 Be7 13. O-O-O b6 14. Kb1 Nc5
15. Nxc5 bxc5 16. Bxg6 hxg6 17. h4 Rf6 18. h5 g5 19. h6 Bf8 20. hxg7 Bxg7 21.
Qh7+ Kf8 22. Ne4 Rf7 23. Qg6 Qd7 24. Rh7 Qf5 25. Rxg7 Qxg6 26. Rxg6 Rf4 27.
Rf6+ Kg7 28. Rxf4 gxf4 29. Rh1 Kg6 30. f3 Rg8 31. Rh2 Rb8 32. Kc2 a5 33. Nc3
Rb4 34. b3 Rb8 35. Nb5 Rc8 36. a4 Kg7 37. Kd3 Kg6 38. Ke4 Rb8 39. Rh4 Rb6 40.
Rg4+ Kf6 41. g3 fxg3 42. Rxg3 Rb7 43. Rg8 Ke7 44. Ra8 Kd7 45. Rxa5 Rb8 46. Ra7
Rc8 47. a5 Kd8 48. a6 Kd7 49. Rb7 Ra8 50. Rxc7+ Kd8 51. a7 Ke8 52. Rh7 1-0

[Event "XVIII Festival B"]
[Site "Porto San Giorgio ITA"]
[Date "2006.08.27"]
[Round "7"]
[White "Gargano, Lino"]
[Black "Di Censo, Angelo"]
[Result "1-0"]
[WhiteElo "1918"]
[BlackElo "1660"]
[PlyCount "35"]
[EventDate "2006.08.21"]

1. d4 Nf6 2. c4 e6 3. e3 b6 4. Nc3 Bb7 5. f3 Bb4 6. Nge2 d5 7. a3 Bd6 8. cxd5
Nxd5 9. Ne4 O-O 10. N2g3 Re8 11. Bc4 e5 12. Nxd6 Qxd6 13. O-O exd4 14. Qxd4 c5
15. Qd3 Qe5 16. Qb3 Ba6 17. Bxd5 Bxf1 18. Nxf1 1-0

[Event "XVIII Festival B"]
[Site "Porto San Giorgio ITA"]
[Date "2006.08.27"]
[Round "7"]
[White "Voicu, Joan Paul"]
[Black "Musumeci, Valentino"]
[Result "1-0"]
[WhiteElo "1876"]
[BlackElo "1748"]
[PlyCount "95"]
[EventDate "2006.08.21"]

1. e4 e5 2. Nf3 Nc6 3. Bb5 d6 4. c3 Bd7 5. O-O Be7 6. d4 exd4 7. cxd4 Nf6 8.
Nc3 O-O 9. Bg5 h6 10. Bf4 a6 11. Bd3 Bg4 12. Be3 Re8 13. Qd2 Bf8 14. Rae1 Qd7
15. Nh4 Ne7 16. f4 Rad8 17. f5 Bh5 18. h3 c5 19. d5 b5 20. Rf4 b4 21. Nb1 Nfxd5
22. exd5 Nxd5 23. Re4 f6 24. Bc4 Bf7 25. Bxd5 Rxe4 26. Bxe4 d5 27. Rd1 a5 28.
Ng6 Bxg6 29. fxg6 d4 30. Qd3 Qe6 31. Bf4 Qxa2 32. b3 a4 33. bxa4 Qxa4 34. Qc4+
Kh8 35. Rf1 Qd7 36. Nd2 Bd6 37. Bxd6 Qxd6 38. Nb3 Qe5 39. Bd3 Rc8 40. Ra1 h5
41. Qxc5 Qe3+ 42. Kh2 Rd8 43. Qxh5+ Kg8 44. Qh7+ Kf8 45. Qh8+ Ke7 46. Qxg7+ Ke6
47. Qf7+ Ke5 48. Ra5+ 1-0

[Event "XVIII Festival B"]
[Site "Porto San Giorgio ITA"]
[Date "2006.08.28"]
[Round "8"]
[White "Mazza, Daniele"]
[Black "Monti, Riccardo"]
[Result "0-1"]
[WhiteElo "1673"]
[BlackElo "1600"]
[PlyCount "74"]
[EventDate "2006.08.21"]

1. e4 d6 2. d4 Nf6 3. Nc3 c6 4. Nf3 g6 5. Be3 Bg7 6. Be2 O-O 7. h3 b5 8. a3 Bb7
9. d5 a6 10. O-O Nbd7 11. dxc6 Bxc6 12. Nd2 Qc7 13. f3 Qb7 14. Rb1 d5 15. exd5
Bxd5 16. Nxd5 Nxd5 17. Bf2 Nf4 18. Ne4 Rfd8 19. Qe1 f5 20. Nc5 Nxc5 21. Bxc5
Qc7 22. Be3 Nd5 23. Bf2 Qxc2 24. Rd1 Nf4 25. Rxd8+ Rxd8 26. Bd1 Qc7 27. Bg3 Be5
28. Bxf4 Bxf4 29. Bb3+ Kh8 30. Qe6 Qd6 31. Qf7 Bg5 32. Kh1 Qg3 33. Qe6 Bf4 34.
Kg1 Qh2+ 35. Kf2 Rd2+ 36. Qe2 Qg3+ 37. Kg1 Rxe2 0-1

[Event "XVIII Festival B"]
[Site "Porto San Giorgio ITA"]
[Date "2006.08.28"]
[Round "8"]
[White "Parrini, Daniele"]
[Black "Stoyko, Maksym"]
[Result "0-1"]
[WhiteElo "1933"]
[BlackElo "1978"]
[PlyCount "63"]
[EventDate "2006.08.21"]

1. e4 d6 2. d4 Nf6 3. Nc3 g6 4. Be3 c6 5. Qd2 b5 6. f3 Nbd7 7. Nh3 Nb6 8. Nf2
Bb7 9. b3 Qc7 10. a4 b4 11. Ncd1 a5 12. c3 bxc3 13. Nxc3 Bg7 14. Rc1 O-O 15. d5
Rfc8 16. Nb5 Qd8 17. dxc6 Bxc6 18. Nd4 Bb7 19. Bb5 Rxc1+ 20. Qxc1 Rc8 21. Qd2
Nbd7 22. Nd3 e5 23. Ne2 d5 24. exd5 Bxd5 25. b4 e4 26. Ndf4 Ne5 27. fxe4 Bxe4
28. Bd4 Nc6 29. bxa5 Nxd4 30. Nxd4 Nd5 31. Nc6 Rxc6 32. Nxd5 0-1

[Event "XVIII Festival B"]
[Site "Porto San Giorgio ITA"]
[Date "2006.08.28"]
[Round "8"]
[White "Tomio, Dante"]
[Black "Cavatassi, Alessio"]
[Result "1/2-1/2"]
[WhiteElo "1969"]
[BlackElo "1853"]
[PlyCount "58"]
[EventDate "2006.08.21"]

1. d4 d6 2. c4 Nf6 3. Nc3 g6 4. e4 Bg7 5. f3 Nbd7 6. Be3 c6 7. Qd2 e5 8. d5 c5
9. Nge2 a6 10. Bh6 Nh5 11. Bxg7 Nxg7 12. Qh6 O-O 13. g4 Rb8 14. Ng3 Qf6 15. Be2
Qf4 16. Qxf4 exf4 17. Nf1 Ne5 18. O-O-O Bd7 19. a4 Ne8 20. h4 h6 21. Nd2 Nc7
22. Bf1 b5 23. axb5 axb5 24. Nxb5 Nxb5 25. cxb5 Bxb5 26. Bxb5 Rxb5 27. Kc2 Rfb8
28. b3 Ra8 29. Ra1 Raa5 1/2-1/2

[Event "XVIII Festival B"]
[Site "Porto San Giorgio ITA"]
[Date "2006.08.28"]
[Round "8"]
[White "Tortolini, Francesco"]
[Black "Piantoni, Pierino"]
[Result "1-0"]
[WhiteElo "1830"]
[BlackElo "1983"]
[PlyCount "39"]
[EventDate "2006.08.21"]

1. e4 e6 2. d4 d5 3. Nc3 Bb4 4. e5 c5 5. Bd2 Ne7 6. a3 cxd4 7. axb4 dxc3 8.
bxc3 Nbc6 9. f4 Bd7 10. Nf3 a5 11. Bd3 O-O 12. Bxh7+ Kh8 13. Ng5 g6 14. h4 Kg7
15. h5 Rh8 16. hxg6 fxg6 17. Qg4 axb4 18. Rxa8 Qxa8 19. Qh4 Nf5 20. Nxe6+ 1-0